LEADER 01228nam--2200373---450- 001 990000376100203316 035 $a0037610 035 $aUSA010037610 035 $a(ALEPH)000037610USA01 035 $a0037610 100 $a20010327d1986----km-y0itay0103----ba 101 $aeng 102 $aDE 105 $a||||||||001yy 200 1 $aAdvanced educational technology$eresearch issues and future potential$fedited by Thomas T. Liao 210 $aBerlin$cSpringer Verlag$dc1986 215 $aVIII, 219 p.$d24 cm 225 2 $aNATO ASI series$iSerie F Computer and systems sciences$v145 410 $12001$aNATO ASI series$iSerie F Computer and systems sciences$v145 461 1$1001-------$12001 606 0 $aElaboratori elettronici$xImpiego didattico$xCongressi$z1993 606 0 $aCongressi$yGrenoble$z1993 676 $a371.3078 702 1$aLIAO,$bThomas T. 801 0$aIT$bsalbc$gISBD 912 $a990000376100203316 951 $a371.307 8 ADV$b11191 ING$d371.307 8 959 $aBK 969 $aTEC 979 $aPATTY$b02$c20010327$lUSA01$h1225 979 $c20020403$lUSA01$h1645 979 $aPATRY$b90$c20040406$lUSA01$h1626 996 $aAdvanced educational technology$9875271 997 $aUNISA LEADER 01315nam 2200457 450 001 9910466448203321 005 20200520144314.0 010 $a1-4863-0510-5 035 $a(CKB)3710000001118024 035 $a(MiAaPQ)EBC4826498 035 $a(Au-PeEL)EBL4826498 035 $a(CaPaEBR)ebr11364231 035 $a(CaONFJC)MIL1002322 035 $a(OCoLC)957734060 035 $a(EXLCZ)993710000001118024 100 $a20170406h20172017 uy 0 101 0 $aeng 135 $aurcnu|||||||| 181 $2rdacontent 182 $2rdamedia 183 $2rdacarrier 200 00$aBiochar $ea guide to analytical methods /$feditors, Balwant Singh, Marta Camps-Arbestain and Johannes Lehmann 210 1$aClayton South, Victoria :$cCSIRO Publishing,$d2017. 210 4$dİ2017 215 $a1 online resource (321 pages) $cillustrations, tables 300 $aIncludes index. 311 $a1-4863-0509-1 606 $aCharcoal$xAnalysis 608 $aElectronic books. 615 0$aCharcoal$xAnalysis. 676 $a662.74 702 $aSingh$b Balwant 702 $aCamps-Arbestain$b Marta 702 $aLehmann$b Johannes 801 0$bMiAaPQ 801 1$bMiAaPQ 801 2$bMiAaPQ 906 $aBOOK 912 $a9910466448203321 996 $aBiochar$92180368 997 $aUNINA